000 00290nam a22001337a 4500
008 171010b xxu||||| |||| 00| 0 eng d
020 _a9780205167982
041 _aeng
080 _a316
100 _a50
101 _aSOC
245 _aTHINK SOCIAL PROBLEMS
_cCARL, J.D
942 _2udc
_cBK
999 _c32844
_d32844